La Sociedad civil ante la transición democrática /

Sparad:
Bibliografiska uppgifter
Huvudupphovsman: Alvarez, Lucía
Övriga upphovsmän: coord
Materialtyp: Text
Publicerad: Mexico D.F.: Red Mexicana de Investigadores Sobre Organizaciones Civiles
Ämnen:
Taggar: Lägg till en tagg
Inga taggar, Lägg till första taggen!

MARC

LEADER 00000 a a2200000 04500
001 31234
003
040
020 |a 970-722-073-2  
090 |a 196903  
100 |a Alvarez, Lucía  
245 |a La Sociedad civil ante la transición democrática /  |c Lucía Alvarez 
260 |a Mexico D.F.:   |b Red Mexicana de Investigadores Sobre Organizaciones Civiles  
300 |a 193 p.  
650 |a SOCIEDAD CIVIL  
650 |a ORGANIZACIONES NO GUBERNAMENTALES  
650 |a DESARROLLO POLITICO  
650 |a DEMOCRATIZACION  
650 |a CONDICIONES ECONOMICAS  
650 |a CONDICIONES SOCIALES  
650 |a MOVIMIENTOS SOCIALES  
650 |a PARTICIPACION SOCIAL  
650 |a PARTICIPACION POLITICA  
650 |a CAPITAL SOCIAL  
650 |a INFLUENCIA SOCIAL  
650 |a DESARROLLO SOCIAL  
700 |a coord.  
999 |c 13640  |d 13640